000 00570nam a2200217Ia 4500
003 0100
008 130303s9999 xx 000 0 und d
040 _cARRUPELIB
050 _aQA39.2.C841984
100 _aCrabtree, Douglas E
245 _aPrecalculus
245 _bTeacher's Manual with Solution Key
260 _aGlenview, Illinois
260 _bScott, Foresman Company
260 _C1984
300 _a204p
650 _bMau Mau
650 _cNational liberation movements--Zimbabwe
650 _dPeasantry--Zimbabwe--Political activity
942 0 0 _01
999 _c24105
_d24105